Quiz o Ameryce Południowej - Statystyki

Ogólne statystyki
  • Ten quiz został rozwiązany 39 razy
  • Średni wynik to 11 z 15
Statystyki odpowiedzi
Hint Odpowiedź % Poprawnych
Drugim co do wielkości państwem w Ameryce Południowej jest... Argentyna
100%
Ilość państw w Ameryce Południowej 13
94%
W jakim państwie znajduje się Machu Picchu? Peru
94%
Kraj odkryty został przez Hiszpanów, ale jego poprzednia nazwa to Gujana Holenderska Surinam
91%
Najdłuższa rzeka to... Amazonka
88%
Państwo śródlądowe w Ameryce Południowej, sąsiadujące z Argentyną, Boliwią i Brazylią Paragwaj
88%
Jaki kraj jest największym na świecie producentem kamieni szlachetnych: ametystu, topazu, agatu? Brazylia
76%
Ten kraj może poszczycić się najwyższym wodospadem na świecie - Salto Angel Wenezuela
74%
Religią dominującą na tym kontynencie jest... Chrześcijaństwo
71%
Największy na świecie producent szmaragdów to... Kolumbia
71%
Jakie jest drugie pod względem zaludnienia miasto Brazylii i szóste pod względem zaludnienia w obu Amerykach? Rio de Janeiro
68%
Najwyżej na świecie położona stolica świata (3600-4100 m n.p.m.) to... La Paz
65%
Jednymi z najciekawszych atrakcji turystycznych tego kraju są pozostałości świątyni Puma Punku oraz platforma Akapana Boliwia
59%
Najwyższy szczyt Andów jak i Ameryki Południowej Aconcagua
41%
To państwo jest krajem autonomicznym, ale formalnie zależy od Holandii i wchodzi w skład Królestwa Niderlandów Aruba
32%
Nie znaleziono quizów pasujących do podanych kryteriów
Rozkład punktacji
Procent ludzi z każdym wynikiem
Percentyl według liczby udzielonych odpowiedzi
Twoja historia wyników
Nie rozwiązałeś tego quizu